Medzné zaťaženie na spojitom nosníku

Salvato in:
Dettagli Bibliografici
Autore principale: Szarka, Gábor (Autore)
Altri autori: Dický, Jozef (Relatore della tesi)
Natura: Manoscritto Libro
Lingua:slovacco
Pubblicazione: 2016
Soggetti:
Accesso online:http://is.stuba.sk/zp/portal_zp.pl?podrobnosti=129680
https://opac.crzp.sk/?fn=detailBiblioForm&sid=427371B0090519B80543D421842E
Tags: Aggiungi Tag
Nessun Tag, puoi essere il primo ad aggiungerne!!

MARC

LEADER 00000ntm a22000003a 4500
001 stuzp57278
003 SK-STU
005 20230718105408.4
007 ta
008 150427s2015----xo-----f-mn---000-0-slo-d
040 |a STU  |b slo 
041 0 |a slo 
100 1 |a Szarka, Gábor  |u 010250  |4 aut  |U SvF Stavebná fakulta  |T SvF Katedra stavebnej mechaniky  |X 42224  |U V250  |Y 26  |7 42224 
242 0 1 |a Limit load on a continuum beam  |y eng 
245 1 0 |a Medzné zaťaženie na spojitom nosníku 
260 |c 2016 
650 4 |a statická a kinematická veta  |2 slo 
650 4 |a medzná analýza  |2 slo 
650 4 |a plastický moment únosnosti  |2 slo 
650 4 |a static and kinematic theorem  |2 eng 
650 4 |a limit load  |2 eng 
650 4 |a plastic limit bending moment  |2 eng 
700 1 |a Dický, Jozef  |u 010250  |k Z1  |4 ths  |U SvF Stavebná fakulta  |T SvF Katedra stavebnej mechaniky  |X 976  |U V250  |Y 26  |7 A000000976 
856 4 |u http://is.stuba.sk/zp/portal_zp.pl?podrobnosti=129680 
856 4 |u https://opac.crzp.sk/?fn=detailBiblioForm&sid=427371B0090519B80543D421842E 
SQL |a stuzp57278  |b DBP  |c SLO  |d Medzné zaťaženie na spojitom nosníku  |e 42224  |f Szarka, Gábor  |g 010250  |h 976  |i Dický, Jozef  |j 20160620  |k 1  |l 01  |m http://is.stuba.sk/zp/portal_zp.pl?podrobnosti=129680  |n B-IKD  |o 5.1.5. inžinierske konštrukcie a dopravné stavby